| 000 | 00657nam a2200205 a 4500 | ||
|---|---|---|---|
| 001 | 000005595 | ||
| 003 | OSt | ||
| 005 | 20220215094030.0 | ||
| 008 | 090820s1984 dr a 000 0 spa d | ||
| 040 |
_aDO-SdBNP _bspa _cBNPHU |
||
| 100 | 1 |
_aCanahuate Disla, Francisco, _d1948- _98272 |
|
| 245 | 1 | 0 |
_aLa iglesia : _breligión del cuarto curso / _cVirginia Laporte ; dibujos Jesus A. Sánchez B. |
| 250 | _a3a. ed. | ||
| 260 |
_aSanto Domingo, _aInstituto catequistico Fran Ramón Pane, _c1984. |
||
| 300 |
_a59 p. ; _bil. _c21 cm. |
||
| 590 | _aInventariado, 2020/YL | ||
| 700 | 1 | 2 |
_aSanchez B., Jesús A. _eil. _915795 |
| 910 | _aEn proceso | ||
| 942 |
_2ddc _cLF1 |
||
| 999 |
_c48821 _d48821 |
||